[Event "East Lansing (MOR/3/17)"]
[Site "?"]
[Date "1995.??.??"]
[Round "?"]
[White "McNamara, Ron"]
[Black "Coats, B."]
[Result "0-1"]
[WhiteElo "1605"]
[BlackElo "1735"]
[PlyCount "132"]
[EventDate "1995.??.??"]

{3/(17)} 1. e4 d6 2. d4 Nf6 3. Nd2 g6 4. f4 Bg7 5. Ngf3 O-O 6. Bd3 Nbd7 7. e5
Ne8 8. O-O c5 9. c3 Nc7 10. Ne4 f5 11. exf6 Bxf6 12. Nxf6+ Nxf6 13. Nh4 Bg4 14.
Qc2 Rf7 15. h3 Bd7 16. Rf3 Bc6 17. Rg3 Nh5 18. Bxg6 hxg6 19. Qxg6+ Rg7 20. Qxh5
Rxg3 21. Kh2 Rg7 22. f5 Qe8 23. Ng6 Bd7 24. Bh6 Bxf5 25. Nxe7+ Rxe7 26. Qg5+
Bg6 27. Rf1 Ne6 28. Qg4 Ng7 29. Rf6 Re6 30. Bxg7 Rxf6 31. Bxf6 Qf7 32. Qh4 Bh7
33. Qg5+ Qg6 34. Qd5+ Qf7 35. Qg5+ Bg6 36. Qh4 Qh7 37. Qg5 Qh5 38. Qf4 Qf5 39.
Qxd6 Rf8 40. Be5 cxd4 41. Qxd4 Rf7 42. Qd8+ Rf8 43. Qd4 Qf7 44. Qd2 Re8 45. Qd6
Qe6 46. Qxe6+ Rxe6 47. Bd4 Re2 48. c4 Be4 49. Kg3 Rxg2+ 50. Kf4 Bc6 51. a3 Rd2
52. Ke3 Rh2 53. Kf4 Rxh3 54. Bxa7 Rh4+ 55. Ke5 Rxc4 56. Kd6 Kf7 57. Kc7 Ra4 58.
Bc5 Ke6 59. b4 Rxa3 60. b5 Ra5 61. Kb6 Rxb5+ 62. Kc7 Rxc5 63. Kb6 Rd5 64. Kc7
b6 65. Kxc6 Rd1 66. Kxb6 Rc1 0-1

[Event "Detroit (MI Action/3/22)"]
[Site "?"]
[Date "1995.??.??"]
[Round "?"]
[White "McNair, Shawn"]
[Black "Trice, Shevonne"]
[Result "1-0"]
[WhiteElo "1605"]
[BlackElo "1605"]
[PlyCount "49"]
[EventDate "1995.??.??"]

{3/(22)} 1. e4 e5 2. Nf3 Nc6 3. Bb5 Nf6 4. Nc3 Bb4 5. O-O d6 6. Nd5 Be6 7. Nxb4
Nxe4 8. Nxc6 bxc6 9. Bxc6+ Ke7 10. Bxa8 Qxa8 11. d3 Nc5 12. Re1 f6 13. d4 Rb8
14. dxc5 dxc5 15. b3 Ke8 16. Ba3 Rd8 17. Qe2 Qc6 18. Rad1 Rc8 19. b4 cxb4 20.
Bxb4 Bc4 21. Qe3 e4 22. Nd2 Ba6 23. Nxe4 Qc4 24. Nd6+ Kd8 25. Nxc4# 1-0

[Event "Detroit (MI Action/6/18)"]
[Site "?"]
[Date "1995.??.??"]
[Round "?"]
[White "McNair, Shawn"]
[Black "Timberlake, B."]
[Result "1-0"]
[WhiteElo "1605"]
[BlackElo "1605"]
[PlyCount "74"]
[EventDate "1995.??.??"]

{6/(18)} 1. e4 e6 2. Nf3 d6 3. Bd3 b6 4. O-O d5 5. exd5 Qxd5 6. Re1 Ba6 7. h3
Nf6 8. Nc3 Qh5 9. Nb5 Bc5 10. Nxc7+ Ke7 11. Nxa8 Bb7 12. Nc7 Bd6 13. Nb5 Bxf3
14. Qxf3 Be5 15. Qb7+ Nbd7 16. b3 Ng4 17. Ba3+ Kf6 18. Qf3+ Kg5 19. Qxg4+ Qxg4
20. hxg4 h5 21. gxh5 Rxh5 22. Be2 Bh2+ 23. Kf1 Rh7 24. d3 Kf4 25. Bf3 g5 26.
Bc1+ Kf5 27. Be4+ Kg4 28. Bxh7 Nf6 29. Be4 Be5 30. Rb1 Kh5 31. Bf3+ g4 32.
Rxe5+ Kg6 33. Be4+ Nxe4 34. Rxe4 Kf5 35. Nxa7 e5 36. Nc6 f6 37. a4 Ke6 1-0

[Event "Detroit (MI Action/1/24)"]
[Site "?"]
[Date "1995.??.??"]
[Round "?"]
[White "McNair, Shawn"]
[Black "Peiter, H."]
[Result "0-1"]
[WhiteElo "1605"]
[BlackElo "1605"]
[PlyCount "85"]
[EventDate "1995.??.??"]

{1/(24)} 1. e4 d5 2. d3 dxe4 3. Nd2 exd3 4. Bxd3 Nf6 5. Ngf3 Bg4 6. O-O e5 7.
h3 Bxf3 8. Qxf3 Nc6 9. Bb5 Qd5 10. Bc4 Qxf3 11. Nxf3 Bd6 12. Ng5 O-O 13. Rd1 h6
14. Nxf7 Rxf7 15. Bxf7+ Kxf7 16. b3 Re8 17. Be3 a6 18. c4 e4 19. c5 Be5 20.
Rac1 Ke6 21. f3 exf3 22. gxf3 Nd5 23. Bd2 Rf8 24. Rf1 Nd4 25. Kg2 g5 26. Rce1
Rf7 27. h4 gxh4 28. Bxh6 Kf5 29. Kh3 Bg3 30. Rd1 Ke5 31. Kg4 Nf6+ 32. Kg5 Ne4+
33. fxe4 Ne6+ 34. Kg6 Rxf1 35. Rxf1 Kxe4 36. b4 Nd4 37. Rf8 h3 38. Re8+ Kf3 39.
Rf8+ Kg2 40. Be3 h2 41. Rh8 Nf3 42. a4 Nh4+ 43. Kf7 0-1

[Event "Detroit (MI Action/5/17)"]
[Site "?"]
[Date "1995.??.??"]
[Round "?"]
[White "McNair, Shawn"]
[Black "Fleshman, Justin"]
[Result "0-1"]
[WhiteElo "1605"]
[BlackElo "1605"]
[PlyCount "90"]
[EventDate "1995.??.??"]

{5/(17)} 1. e4 e5 2. Nf3 Nc6 3. Bb5 Nge7 4. O-O a6 5. Bc4 d6 6. Ng5 d5 7. exd5
Nxd5 8. Qf3 Be6 9. Nxe6 fxe6 10. Rd1 Nd4 11. Qh5+ g6 12. Qxe5 Nf6 13. Bxe6 Qe7
14. Bf7+ Kxf7 15. Qxd4 Re8 16. Qe3 Qd6 17. Qb3+ Kg7 18. Qf3 c6 19. b3 Qe5 20.
Kf1 Qxa1 21. Nc3 Bb4 22. Ba3 Qxd1+ 23. Qxd1 Bxa3 24. Qf3 Bb4 25. a4 Bxc3 26.
Qxc3 Re7 27. g4 g5 28. f4 gxf4 29. g5 Rf8 30. h4 Kg6 31. gxf6 Rxf6 32. Qd3+ Kg7
33. h5 Rh6 34. Qd4+ Kg8 35. Qxf4 Rf7 36. Qxf7+ Kxf7 37. Kg2 Rxh5 38. Kf3 b5 39.
axb5 axb5 40. Kg4 Re5 41. d4 Re4+ 42. Kh3 Rxd4 43. Kg3 h5 44. Kh3 Rd2 45. c4
bxc4 0-1

[Event "East Lansing (Class DE/4/8)"]
[Site "?"]
[Date "1995.??.??"]
[Round "?"]
[White "McMahan, M."]
[Black "Williams, C."]
[Result "1-0"]
[WhiteElo "1605"]
[BlackElo "1605"]
[PlyCount "93"]
[EventDate "1995.??.??"]

{4/(8)} 1. e4 c5 2. Nf3 Nc6 3. Bc4 g6 4. Nc3 Bg7 5. d3 Bxc3+ 6. bxc3 e6 7. O-O
Nf6 8. h3 d5 9. exd5 Nxd5 10. Qd2 Qf6 11. Bxd5 exd5 12. Qe3+ Qe7 13. Qxe7+ Nxe7
14. Re1 Be6 15. Ng5 Kd7 16. Bf4 h6 17. Nxe6 fxe6 18. Re2 Nf5 19. Rae1 Rae8 20.
Be5 Rh7 21. Kh2 Rf7 22. d4 c4 23. g4 Nd6 24. Bxd6 Kxd6 25. Kg3 Rfe7 26. f4 g5
27. fxg5 e5 28. Rxe5 hxg5 29. Rxe7 Rxe7 30. Rxe7 Kxe7 31. h4 Kf6 32. hxg5+ Kxg5
33. Kh3 b5 34. Kg3 a5 35. Kh3 b4 36. cxb4 axb4 37. Kg3 c3 38. Kf3 Kf6 39. Kf4
Kg6 40. g5 Kg7 41. Kf5 Kf7 42. g6+ Kg7 43. Ke5 Kxg6 44. Kxd5 Kf6 45. Kc4 Ke6
46. Kxb4 Kd5 47. Kxc3 1-0

[Event "East Lansing (Class DE/2/7)"]
[Site "?"]
[Date "1995.??.??"]
[Round "?"]
[White "McMahan, M."]
[Black "Smeckert, Dennis"]
[Result "0-1"]
[WhiteElo "1605"]
[BlackElo "1605"]
[PlyCount "56"]
[EventDate "1995.??.??"]

{2/(7)} 1. e4 e5 2. Nf3 Nc6 3. Bc4 Be7 4. Nc3 Nf6 5. d3 d6 6. h3 Na5 7. Bb3
Nxb3 8. axb3 Be6 9. Be3 a6 10. O-O Qd7 11. Nh2 g5 12. f3 Nh5 13. g4 Nf4 14.
Bxf4 gxf4 15. d4 Qc6 16. Kh1 exd4 17. Qxd4 Kd7 18. Rfd1 h5 19. Kg2 Rh6 20. e5
Rg8 21. exd6 cxd6 22. Ne2 hxg4 23. hxg4 Bxg4 24. Nxg4 Rxg4+ 25. Kf2 Bh4+ 26.
Ng3 Bxg3+ 27. Ke2 Rh2+ 28. Kd3 Qxc2# 0-1

[Event "East Lansing (Class DE/2/12)"]
[Site "?"]
[Date "1995.??.??"]
[Round "?"]
[White "McKnight, Rusty"]
[Black "Gramlich, Allen"]
[Result "0-1"]
[WhiteElo "1605"]
[BlackElo "1605"]
[PlyCount "114"]
[EventDate "1995.??.??"]

{2/(12)} 1. e4 c5 2. Bc4 Nc6 3. d3 g6 4. Nf3 Bg7 5. O-O d6 6. h3 Nf6 7. Be3
Nxe4 8. c3 Nf6 9. d4 cxd4 10. Nxd4 Nxd4 11. Bxd4 O-O 12. Re1 Bf5 13. Nd2 e5 14.
Be3 Re8 15. Bb5 Re7 16. Nf3 a6 17. Ba4 b5 18. Bb3 Qd7 19. Ng5 e4 20. Bf4 d5 21.
g4 Be6 22. Nxe6 fxe6 23. a4 Rf7 24. Qe2 Ne8 25. Bg3 Qb7 26. axb5 Qb6 27. c4 Rb7
28. Kf1 e5 29. cxd5 Qxb5 30. Qxb5 Rxb5 31. Bc4 Rc5 32. b3 Kf8 33. Rxa6 Rxa6 34.
Bxa6 Rxd5 35. Rxe4 Rc5 36. b4 Rd5 37. b5 Nc7 38. Rb4 Ke7 39. f3 Kd6 40. Bf2 Rd3
41. Bb6 Nd5 42. Bc7+ Nxc7 43. Ke2 Ra3 44. Kf2 Nxa6 45. bxa6 Kc6 46. Rb7 Bf6 47.
Rxh7 Rxa6 48. Rh6 Kd5 49. Rxg6 Bh4+ 50. Ke3 Rxg6 51. Kd3 Rc6 52. Kd2 Kd4 53.
Kd1 Ke3 54. g5 Bxg5 55. h4 Be7 56. h5 Ba3 57. h6 Rc1# 0-1

[Event "East Lansing (Class DE/3/17)"]
[Site "?"]
[Date "1995.??.??"]
[Round "?"]
[White "McKnight, Rusty"]
[Black "Fenton, D."]
[Result "0-1"]
[WhiteElo "1605"]
[BlackElo "1605"]
[PlyCount "122"]
[EventDate "1995.??.??"]

{3/(17)} 1. e4 e6 2. Nf3 d5 3. e5 c5 4. c3 Nc6 5. d4 Qb6 6. b3 cxd4 7. cxd4
Bb4+ 8. Bd2 Nxd4 9. Bxb4 Qxb4+ 10. Qd2 Qxd2+ 11. Kxd2 Nxf3+ 12. gxf3 Ne7 13.
Nc3 O-O 14. Nb5 Bd7 15. Rc1 Nc6 16. f4 f6 17. Re1 fxe5 18. fxe5 Rxf2+ 19. Re2
Rxe2+ 20. Bxe2 Nxe5 21. Nd6 b6 22. h4 Rf8 23. h5 Rf2 24. Ke3 Rf8 25. h6 g6 26.
a4 Nc6 27. Bb5 a6 28. Bxa6 Nb4 29. Bb5 Bxb5 30. Nxb5 e5 31. Nc7 Rc8 32. Rc1 Na6
33. Rc6 Rxc7 34. Rxc7 Nxc7 35. Kd3 g5 36. b4 b5 37. axb5 Nxb5 38. Ke3 d4+ 39.
Kd3 g4 40. Ke2 e4 41. Kf2 e3+ 42. Ke2 g3 43. Kd3 g2 44. Kc4 Nc7 45. b5 g1=Q 46.
b6 Qc1+ 47. Kxd4 Qd2+ 48. Ke4 Qb4+ 49. Kxe3 Qxb6+ 50. Ke4 Qc5 51. Kf4 Ne6+ 52.
Kg4 Qd4+ 53. Kf3 Ng5+ 54. Kg3 Qe4 55. Kf2 Qf3+ 56. Ke1 Qg2 57. Kd1 Ne4 58. Kc1
Qd2+ 59. Kb1 Nc3+ 60. Ka1 Na4 61. Kb1 Qb2# 0-1

[Event "East Lansing (Class DE/5/19)"]
[Site "?"]
[Date "1995.??.??"]
[Round "?"]
[White "McKnight, Rusty"]
[Black "Andreas, L."]
[Result "1/2-1/2"]
[WhiteElo "1605"]
[BlackElo "1605"]
[PlyCount "70"]
[EventDate "1995.??.??"]

{5/(19)} 1. e4 c5 2. Nf3 Nc6 3. Bb5 e6 4. Bxc6 bxc6 5. d3 d5 6. O-O Ba6 7. Re1
Bd6 8. h3 Qb6 9. e5 Be7 10. c3 c4 11. d4 c5 12. b3 cxd4 13. cxd4 Bb4 14. Bd2
Rc8 15. Bxb4 Qxb4 16. Qc2 cxb3 17. Qxb3 Rb8 18. Qxb4 Rxb4 19. Nbd2 Ne7 20. a3
Rb6 21. Rab1 O-O 22. Rxb6 axb6 23. a4 Nc6 24. Rb1 Rb8 25. Nb3 b5 26. Nc5 bxa4
27. Rxb8+ Nxb8 28. Nxa4 Nc6 29. Nc5 Be2 30. Nb3 Bd1 31. Nbd2 Be2 32. g4 f6 33.
exf6 gxf6 34. Kg2 e5 35. dxe5 fxe5 1/2-1/2

[Event "Troy (US Am N/1/13)"]
[Site "?"]
[Date "1995.??.??"]
[Round "?"]
[White "McKenna, J."]
[Black "Smeckert, Dennis"]
[Result "1-0"]
[WhiteElo "1965"]
[BlackElo "1605"]
[PlyCount "23"]
[EventDate "1995.??.??"]

{1/(13)} 1. d4 d5 2. Nf3 Bf5 3. Bf4 e6 4. e3 Nf6 5. Nbd2 Nh5 6. Bg5 f6 7. Bh4
Bg4 8. h3 Bxf3 9. Qxf3 g6 10. g4 Bg7 11. gxh5 Qe7 12. h6 1-0

[Event "Troy (US Am N/3/17)"]
[Site "?"]
[Date "1995.??.??"]
[Round "?"]
[White "McKenna, J."]
[Black "Quander, K."]
[Result "1/2-1/2"]
[WhiteElo "1965"]
[BlackElo "1605"]
[PlyCount "113"]
[EventDate "1995.??.??"]

{3/(17)} 1. d4 d5 2. Nf3 Nf6 3. Bf4 Ne4 4. e3 Bf5 5. Nbd2 Nd7 6. Nxe4 Bxe4 7.
Bd3 Nf6 8. h3 e6 9. O-O Be7 10. Ne5 Bxd3 11. Qxd3 Bd6 12. Rac1 c6 13. c4 O-O
14. c5 Bc7 15. b4 Nd7 16. Nxd7 Qxd7 17. Bxc7 Qxc7 18. a4 a6 19. Rc2 Rfe8 20. f4
f5 21. Qd2 h5 22. Ra2 Rec8 23. Rb1 Rcb8 24. b5 axb5 25. axb5 Qc8 26. Rab2 Qc7
27. Rb3 Qd8 28. Qb2 Rc8 29. bxc6 bxc6 30. Rb7 Rc7 31. Qb6 Rac8 32. Ra1 Rxb7 33.
Qxb7 Qc7 34. Ra7 Qxb7 35. Rxb7 Kf8 36. Kf2 g6 37. Kg3 Ra8 38. Rc7 Ra3 39. Kf3
Ra6 40. g4 h4 41. gxf5 exf5 42. Rd7 Ra1 43. Rc7 Ra6 44. Rb7 Ra8 45. Rb6 Rc8 46.
Ke2 Ke7 47. Kd2 Kf6 48. Kc3 Ke6 49. Kb4 Kd7 50. Ka5 Kc7 51. Rb2 Ra8+ 52. Kb4
Rb8+ 53. Kc3 Rxb2 54. Kxb2 Kb7 55. Kb3 Ka6 56. Ka4 Kb7 57. Kb4 1/2-1/2

[Event "East Lansing (MOR/7/1)"]
[Site "?"]
[Date "1995.??.??"]
[Round "?"]
[White "McGrath, Michael"]
[Black "Zubatch, Steve"]
[Result "1/2-1/2"]
[WhiteElo "1730"]
[BlackElo "1720"]
[PlyCount "84"]
[EventDate "1995.??.??"]

{7/(1)} 1. f4 g6 2. Nc3 Bg7 3. b3 d6 4. Nf3 Nf6 5. Bb2 O-O 6. e3 c5 7. Be2 b6
8. O-O Bb7 9. Qe1 Nbd7 10. Ng5 Qc8 11. Bf3 Bxf3 12. Nxf3 Qc6 13. Rb1 Rfe8 14.
d3 Nd5 15. Nxd5 Qxd5 16. Bxg7 Kxg7 17. Ng5 h6 18. Nf3 e5 19. e4 Qe6 20. Qg3
exf4 21. Qxf4 Ne5 22. h3 Nxf3+ 23. Rxf3 Rf8 24. Rbf1 f5 25. Qh4 fxe4 26. Rxf8
Rxf8 27. Rxf8 Kxf8 28. Qxh6+ Kg8 29. Qe3 d5 30. dxe4 dxe4 31. Kf2 Qf5+ 32. Ke2
g5 33. g4 Qf4 34. b4 c4 35. b5 Kf7 36. a4 Ke6 37. Qd4 Qf3+ 38. Kd2 Qf4+ 39. Kd1
e3 40. Qxf4 gxf4 41. Ke2 Kf6 42. h4 Kg6 1/2-1/2

[Event "Troy (TCC Res/3/1)"]
[Site "?"]
[Date "1995.??.??"]
[Round "?"]
[White "McGrath, Michael"]
[Black "Scales, H."]
[Result "0-1"]
[WhiteElo "1750"]
[BlackElo "1605"]
[PlyCount "98"]
[EventDate "1995.??.??"]

{3/(1)} 1. f4 d5 2. Nf3 Nf6 3. e3 Bg4 4. b3 e6 5. Bb2 Nbd7 6. Be2 Ne4 7. O-O
Bxf3 8. Bxf3 Nef6 9. d3 Bd6 10. Nd2 Qe7 11. a4 O-O-O 12. c3 h5 13. b4 h4 14. b5
e5 15. fxe5 Nxe5 16. Qc2 Nxf3+ 17. Rxf3 Ng4 18. h3 Nxe3 19. Qb3 Qe5 20. Nf1
Nxf1 21. Kxf1 Rhe8 22. Qc2 Re7 23. c4 d4 24. Qf2 Rde8 25. Bxd4 Qh2 26. Qxh4
Qh1+ 27. Bg1 Bh2 28. Qf2 Bxg1 29. Qxg1 Re1+ 30. Rxe1 Rxe1+ 31. Kxe1 Qxg1+ 32.
Ke2 Qxg2+ 33. Rf2 Qxh3 34. Kd2 f5 35. a5 a6 36. b6 g5 37. Re2 cxb6 38. axb6 Kd7
39. c5 f4 40. Re5 Qe3+ 41. Rxe3 fxe3+ 42. Kxe3 a5 43. d4 a4 44. d5 a3 45. Ke4
a2 46. Kf5 a1=Q 47. Kxg5 Qc1+ 48. Kf6 Qxc5 49. Ke5 Qxb6 0-1

[Event "East Lansing (MOR/2/8)"]
[Site "?"]
[Date "1995.??.??"]
[Round "?"]
[White "McGrath, Michael"]
[Black "Nixon, Peter"]
[Result "1-0"]
[WhiteElo "1730"]
[BlackElo "1605"]
[PlyCount "53"]
[EventDate "1995.??.??"]

{2/(8)} 1. f4 c5 2. Nf3 Nf6 3. b3 g6 4. Bb2 Bg7 5. e3 O-O 6. Be2 Nc6 7. O-O Re8
8. f5 b6 9. Qe1 d5 10. fxg6 fxg6 11. Ng5 h6 12. Nf3 a6 13. Bd3 Kf7 14. Nh4 Kg8
15. Nxg6 Nb4 16. Nc3 Nxd3 17. cxd3 Bb7 18. Ne2 Qd6 19. Be5 Qc6 20. Nef4 Nd7 21.
Bxg7 Kxg7 22. Nh5+ Kh7 23. Rf7+ Kxg6 24. Rg7+ Kf5 25. Qg3 Rf8 26. Rxe7 Rg8 27.
Rf1# 1-0

[Event "Troy (TCC Res/1/3)"]
[Site "?"]
[Date "1995.??.??"]
[Round "?"]
[White "McGrath, Michael"]
[Black "Marson, Michael"]
[Result "1-0"]
[WhiteElo "1750"]
[BlackElo "1605"]
[PlyCount "76"]
[EventDate "1995.??.??"]

{1/(3)} 1. f4 d5 2. Nf3 Nf6 3. e3 e6 4. b3 c5 5. Bb2 Nbd7 6. Bb5 a6 7. Bxd7+
Bxd7 8. d3 Be7 9. Nbd2 O-O 10. Ne5 Bd6 11. g4 h6 12. g5 hxg5 13. Rg1 Bxe5 14.
Bxe5 Nh7 15. fxg5 Nxg5 16. Qg4 f6 17. Bd6 Rf7 18. h4 e5 19. Qg3 Nh7 20. Bxc5
Rc8 21. Ba3 Rxc2 22. Kd1 Rxd2+ 23. Kxd2 Qa5+ 24. Ke2 Qxa3 25. Kf3 Bc6 26. d4
exd4 27. exd4 Qb4 28. Qf4 Qc3+ 29. Kg2 Qc2+ 30. Kg3 Qd3+ 31. Kh2 Re7 32. Raf1
Re2+ 33. Rf2 Rxf2+ 34. Qxf2 Bd7 35. Rg3 Qe4 36. Re3 Qg4 37. Re7 Ng5 38. hxg5
Qh5+ 1-0

[Event "Troy (US Am N/4/8)"]
[Site "?"]
[Date "1995.??.??"]
[Round "?"]
[White "McGrath, Michael"]
[Black "Kelo, R."]
[Result "0-1"]
[WhiteElo "1750"]
[BlackElo "2110"]
[PlyCount "62"]
[EventDate "1995.??.??"]

{4/(8)} 1. f4 c5 2. Nf3 Nf6 3. b3 g6 4. Bb2 Bg7 5. e3 Nc6 6. Bb5 Qc7 7. O-O O-O
8. Bxc6 Qxc6 9. d3 Qc7 10. Nbd2 d6 11. Qe1 Bd7 12. Qh4 Bc6 13. Ng5 h6 14. Ngf3
Qd7 15. e4 Nh7 16. Bxg7 Kxg7 17. d4 cxd4 18. Nxd4 Rae8 19. Rf3 Nf6 20. Rg3 Nxe4
21. Nxe4 Bxe4 22. Rf1 e6 23. Rh3 Rh8 24. Qf2 Rc8 25. c4 a6 26. Rd1 Qe7 27. Re1
d5 28. cxd5 Bxd5 29. f5 Qf6 30. fxg6 fxg6 31. Qb2 Rhf8 {[Remainder illegible;
0-1, 38?]} 0-1

[Event "Troy (US Am N/2/7)"]
[Site "?"]
[Date "1995.??.??"]
[Round "?"]
[White "McGrath, Michael"]
[Black "Jarosz, Stan"]
[Result "0-1"]
[WhiteElo "1750"]
[BlackElo "2015"]
[PlyCount "52"]
[EventDate "1995.??.??"]

{2/(7)} 1. f4 Nf6 2. b3 g6 3. Bb2 Bg7 4. Nf3 O-O 5. e3 d6 6. c4 Nc6 7. Nc3 e5
8. fxe5 dxe5 9. d4 exd4 10. exd4 Ng4 11. d5 Ne3 12. Qb1 Nb4 13. Bd3 Nxd3+ 14.
Qxd3 Re8 15. Kf2 Ng4+ 16. Kf1 Bf5 17. Qd2 Bh6 18. Qd4 Be3 19. Qd1 Bc5 20. Bc1
Nf2 21. Qd2 Bd3+ 22. Qxd3 Nxd3 23. Bg5 Be7 24. Bd2 Bf6 25. Rd1 Qd6 26. Ng5 Qb6
0-1

[Event "East Lansing (MOR/6/2)"]
[Site "?"]
[Date "1995.??.??"]
[Round "?"]
[White "McGrath, Michael"]
[Black "Herron, J."]
[Result "1-0"]
[WhiteElo "1730"]
[BlackElo "1750"]
[PlyCount "90"]
[EventDate "1995.??.??"]

{6/(2)} 1. f4 Nf6 2. b3 g6 3. Bb2 Bg7 4. Nf3 O-O 5. e3 d6 6. Be2 c5 7. O-O Nc6
8. Nc3 Bf5 9. d3 Nd5 10. Qd2 Bg4 11. Rae1 Qa5 12. Nxd5 Bxb2 13. Nxe7+ Kg7 14.
Qxa5 Nxa5 15. Nd5 Rac8 16. Ng5 Be6 17. Rb1 Bf6 18. Nxf6 h6 19. Nxe6+ fxe6 20.
Ng4 Nc6 21. Bf3 Nb4 22. Rb2 h5 23. Nf2 d5 24. c3 Nc6 25. d4 Ne7 26. Nd3 b6 27.
g3 cxd4 28. cxd4 Rc3 29. Rd2 Nf5 30. Kf2 Nd6 31. Rc1 Rxc1 32. Nxc1 g5 33. Rc2
g4 34. Bg2 Rc8 35. Rxc8 Nxc8 36. Nd3 Kf6 37. Ke1 a5 38. Ne5 Kf5 39. Kd2 Nd6 40.
Nd7 b5 41. Nc5 b4 42. Kd3 Kf6 43. e4 dxe4+ 44. Nxe4+ Ke7 45. Nxd6 Kxd6 1-0

[Event "Troy (US Am N/6/21)"]
[Site "?"]
[Date "1995.??.??"]
[Round "?"]
[White "McGrath, Michael"]
[Black "Eggleston, D."]
[Result "1-0"]
[WhiteElo "1750"]
[BlackElo "1605"]
[PlyCount "93"]
[EventDate "1995.??.??"]

{6/(21)} 1. f4 c5 2. b3 Nf6 3. Bb2 e6 4. Nf3 Be7 5. e3 b6 6. Bd3 Bb7 7. O-O O-O
8. c4 Nc6 9. a3 d5 10. Qc2 h6 11. f5 exf5 12. Bxf5 d4 13. exd4 Nxd4 14. Nxd4
cxd4 15. d3 Qd6 16. Nd2 Bc8 17. Bxc8 Raxc8 18. Nf3 Ng4 19. Bxd4 Nxh2 20. Nxh2
Qxd4+ 21. Kh1 Rc5 22. Rae1 Bd6 23. Re4 Qd5 24. Nf3 Qb7 25. b4 Rcc8 26. Qe2 Qd7
27. Nd4 Rce8 28. Nf5 Rxe4 29. Qxe4 Qe6 30. Nxd6 Qxd6 31. d4 Qe6 32. Qxe6 fxe6
33. Rxf8+ Kxf8 34. b5 Ke7 35. c5 bxc5 36. dxc5 Kd7 37. Kh2 h5 38. Kg3 g5 39.
Kf3 Kc7 40. a4 Kd7 41. a5 Kc7 42. a6 Kc8 43. b6 axb6 44. cxb6 Kb8 45. Ke4 h4
46. Ke5 Ka8 47. Kd6 1-0

[Event "Lansing (Mini-Swiss.2/2)"]
[Site "?"]
[Date "1995.??.??"]
[Round "?"]
[White "McGrath, Michael"]
[Black "Eck, J."]
[Result "1-0"]
[WhiteElo "1730"]
[BlackElo "1620"]
[PlyCount "91"]
[EventDate "1995.??.??"]

{2/(2)} 1. f4 e6 2. Nf3 Be7 3. Nc3 d5 4. e3 b6 5. b3 c5 6. Bb2 Nf6 7. Be2 Ba6
8. O-O Bxe2 9. Nxe2 h6 10. Ne5 O-O 11. Ng3 d4 12. Qf3 Nd5 13. exd4 f6 14. Ng6
Rf7 15. c4 Nc7 16. Nxe7+ Rxe7 17. dxc5 Qxd2 18. Rf2 Qb4 19. cxb6 axb6 20. Qg4
Qc5 21. Bxf6 Rf7 22. Nh5 Qf5 23. Qxf5 exf5 24. Be5 Nc6 25. Bc3 Ne6 26. Rd1 Nc5
27. Ng3 g6 28. Rd6 Ne7 29. Rxb6 h5 30. Rd2 h4 31. Bb4 hxg3 32. Bxc5 gxh2+ 33.
Kxh2 Rh7+ 34. Kg3 Ra7 35. Bxe7 Raxe7 36. Rxg6+ Kf7 37. Rgd6 Re3+ 38. Kf2 Re4
39. g3 Rh8 40. Rd7+ Kg6 41. R2d6+ Kh5 42. Rg7 Rxf4+ 43. gxf4 Kh4 44. Rgg6 Kh5
45. Kf3 Rh7 46. Rg1 1-0

[Event "East Lansing (MOR/4/7)"]
[Site "?"]
[Date "1995.??.??"]
[Round "?"]
[White "McGrath, Michael"]
[Black "Distefano, R."]
[Result "1-0"]
[WhiteElo "1605"]
[BlackElo "1730"]
[PlyCount "75"]
[EventDate "1995.??.??"]

{4/(7)} 1. f4 Nf6 2. b3 d5 3. Bb2 e6 4. e3 c5 5. Nf3 Nc6 6. Bb5 a6 7. Bxc6+
bxc6 8. Ne5 Bb7 9. c4 Bd6 10. O-O Qc7 11. Ng4 Nxg4 12. Qxg4 Rg8 13. d3 O-O-O
14. e4 Kb8 15. e5 Be7 16. Qh5 f5 17. Qxh7 Rh8 18. Qg6 Rh6 19. Qxg7 Rdh8 20. Qg3
Bh4 21. Qe3 d4 22. Qe2 Qg7 23. Nd2 Bg3 24. h3 Rxh3 25. gxh3 Bxf4+ 26. Qg2 Qxg2+
27. Kxg2 Bxd2 28. Bc1 Be3 29. Bxe3 dxe3 30. Rae1 Bc8 31. Rxe3 Bd7 32. Rg3 Be8
33. Rg7 Bh5 34. Rf2 Rd8 35. Rd2 f4 36. Rg5 f3+ 37. Kf2 Rh8 38. Rd1 1-0

[Event "Troy (TCC Res/4/4)"]
[Site "?"]
[Date "1995.??.??"]
[Round "?"]
[White "McGrath, Michael"]
[Black "Carroll, R."]
[Result "1-0"]
[WhiteElo "1750"]
[BlackElo "1605"]
[PlyCount "116"]
[EventDate "1995.??.??"]

{4/(4)} 1. f4 Nf6 2. b3 b6 3. Nf3 Bb7 4. e3 e6 5. Bb2 d5 6. c4 Nbd7 7. cxd5
exd5 8. Bd3 Bd6 9. Ne5 Bxe5 10. fxe5 Ne4 11. O-O Qg5 12. Bb5 c6 13. e6 fxe6 14.
Be2 O-O-O 15. Bg4 Qe7 16. d3 Nef6 17. Ba3 c5 18. Bh3 h5 19. Nd2 g5 20. g3 g4
21. Bg2 h4 22. d4 hxg3 23. hxg3 Rdf8 24. Qc2 Qd6 25. Rf4 Nh5 26. Rxg4 Nxg3 27.
Nf1 Nxf1 28. Bxf1 Rfg8 29. Rg2 Qh2+ 30. Kf2 Rf8+ 31. Ke1 Qh4+ 32. Kd2 Rf2+ 33.
Rxf2 Qxf2+ 34. Be2 Ba6 35. Re1 Rh2 36. Kd1 Kb8 37. Qd2 Nf6 38. dxc5 Ne4 39. c6
Bxe2+ 40. Rxe2 Qxe2+ 41. Qxe2 Nc3+ 42. Kd2 Nxe2 43. Bd6+ Kc8 44. Bxh2 Ng1 45.
Bxg1 Kc7 46. Bh2+ Kxc6 47. Kd3 Kc5 48. a3 a5 49. Be5 b5 50. Bg7 a4 51. b4+ Kd6
52. Kd4 Kc6 53. Ke5 Kd7 54. Bf6 Ke8 55. Kxe6 Kf8 56. Kxd5 Kf7 57. Bd4 Kg6 58.
e4 Kg5 1-0

[Event "Grand Rapids (MI Am/2/17)"]
[Site "?"]
[Date "1995.??.??"]
[Round "?"]
[White "McFolley, John"]
[Black "Smalec, John"]
[Result "1-0"]
[WhiteElo "1605"]
[BlackElo "1760"]
[PlyCount "77"]
[EventDate "1995.??.??"]

{2/(17)} 1. e4 e6 2. d4 d5 3. exd5 exd5 4. c3 Bd6 5. Bd3 Ne7 6. Qh5 Be6 7. Nf3
Nbc6 8. Ng5 Qd7 9. Nxe6 Qxe6+ 10. Be3 O-O-O 11. b4 g6 12. Qe2 Nf5 13. Bxf5 Qxf5
14. a4 Rhe8 15. a5 Re6 16. Nd2 Rde8 17. O-O g5 18. b5 Nb8 19. c4 Rh6 20. Nf3
Rh5 21. cxd5 Qxd5 22. Ne5 Rh4 23. g3 Rg8 24. Ng4 Qf5 25. gxh4 gxh4 26. h3 h5
27. f3 hxg4 28. fxg4 Qd5 29. Rab1 f5 30. g5 Bg3 31. Qf3 Qa2 32. Qxf5+ Nd7 33.
Bf2 Rf8 34. Rbe1 Kd8 35. Qe4 Bxf2+ 36. Kh1 Qf7 37. Rxf2 Qxf2 38. Qe7+ Kc8 39.
Qe8+ 1-0

[Event "Eastpointe (EDO/2/10)"]
[Site "?"]
[Date "1995.??.??"]
[Round "?"]
[White "McFolley, John"]
[Black "Sattler, Peter"]
[Result "0-1"]
[WhiteElo "1605"]
[BlackElo "1785"]
[PlyCount "78"]
[EventDate "1995.??.??"]

{2/(10)} 1. e4 c5 2. d4 cxd4 3. c3 dxc3 4. Nxc3 d6 5. Bc4 e6 6. Nf3 Nc6 7. O-O
Nf6 8. Qe2 e5 9. Rd1 Be7 10. h3 O-O 11. Be3 a6 12. Nd5 b5 13. Nb6 Rb8 14. Nxc8
Qxc8 15. Bb3 Nxe4 16. Rac1 Qe8 17. Bd5 Nc5 18. b4 Nxb4 19. Bxc5 dxc5 20. Be4 f5
21. Bb1 e4 22. Ne1 c4 23. Kh1 Rc8 24. a3 Nd3 25. Nxd3 cxd3 26. Qa2+ Kh8 27.
Rxc8 Qxc8 28. Bxd3 exd3 29. Rxd3 Rd8 30. Re3 Rd1+ 31. Kh2 Bd6+ 32. g3 Qa8 33.
f3 f4 34. Re4 fxg3+ 35. Kg2 h6 36. Qe2 Qd5 37. Re8+ Kh7 38. Qc2+ Qd3 39. Qe2
Rd2 0-1

[Event "Detroit (MI Team/1/2/4)"]
[Site "?"]
[Date "1995.??.??"]
[Round "?"]
[White "McFolley, John"]
[Black "Mankiewicz, Ryan"]
[Result "0-1"]
[WhiteElo "1605"]
[BlackElo "1900"]
[PlyCount "60"]
[EventDate "1995.??.??"]

{1/2} 1. e4 e6 2. d4 d5 3. e5 c5 4. Nf3 Nc6 5. c3 Bd7 6. Bd3 Rc8 7. O-O cxd4 8.
cxd4 Nb4 9. a3 Nxd3 10. Qxd3 Qb6 11. Ng5 Be7 12. Qg3 Nh6 13. Nxe6 Qxe6 14. Qxg7
Rg8 15. Qxh6 Rxg2+ 16. Kxg2 Qg4+ 17. Kh1 Qf3+ 18. Kg1 Bh3 19. Qg7 Rc6 20. Nd2
Qh5 21. Qh8+ Kd7 22. f4 Bh4 23. Kh1 Qg4 24. Rg1 Qxg1+ 25. Kxg1 Rg6+ 26. Kh1 Bf2
27. e6+ Ke7 28. Qf6+ Kxf6 29. Ne4+ dxe4 30. Bd2 Bg2# 0-1

[Event "Detroit (MI Team/4/3/4)"]
[Site "?"]
[Date "1995.??.??"]
[Round "?"]
[White "McFolley, John"]
[Black "Goerke, Jesse"]
[Result "1-0"]
[WhiteElo "1605"]
[BlackElo "1605"]
[PlyCount "91"]
[EventDate "1995.??.??"]

{4/3} 1. e4 e5 2. Bc4 Nf6 3. d4 Nc6 4. Nf3 exd4 5. e5 Nxe5 6. Nxe5 Qe7 7. Qe2
d5 8. Bb5+ c6 9. Nxc6 Qxe2+ 10. Kxe2 Bd7 11. Nxd4 Bxb5+ 12. Nxb5 O-O-O 13. Re1
Re8+ 14. Kf1 Rxe1+ 15. Kxe1 g6 16. Bf4 Bg7 17. Kf1 Nh5 18. Bc1 Re8 19. a4 a6
20. Nd6+ Kd8 21. Nxe8 Kxe8 22. Ra3 b5 23. axb5 axb5 24. Ra8+ Ke7 25. g4 Nf6 26.
Bg5 h6 27. Bxf6+ Bxf6 28. Nc3 b4 29. Nxd5+ Ke6 30. Nxf6 Kxf6 31. Rb8 h5 32.
Rxb4 hxg4 33. Rd4 Kf5 34. b4 Ke5 35. Rd1 f5 36. b5 Ke4 37. b6 f4 38. b7 f3 39.
b8=Q g3 40. Re1+ Kd4 41. Qd8+ Kc3 42. Qd3+ Kb4 43. Re4+ Kc5 44. Rc4+ Kb5 45.
Qb3+ Ka5 46. Ra4# 1-0